000 01572nam a22004097a 4500
003 CHAP
005 20220329140944.0
008 971013s1995 r 00010 d
010 _a60386
011 _a61358
035 _a65522
040 _cCHAP
082 _a630.83 A84 1991 N
_bL.
245 _aAtlas agropecuario
_b: Nuevo León
260 _aAguascalientes, Ags. :
_bINEGI,
_c1995
300 _a81p.
_b; gráfs. ; mapas
590 _aBATCH-UPD
_b10
_c20130110
_lUCH01
_h0047
590 _aBATCH-UPD
_b10
_c20130110
_lUCH01
_h0552
590 _aBATCH-UPD
_b10
_c20130409
_lUCH01
_h2034
590 _aBATCH-UPD
_b10
_c20130410
_lUCH01
_h0900
590 _aBATCH-UPD
_b10
_c20130913
_lUCH01
_h2047
590 _aCONVERSION
_b10
_c20130109
_lUCH01
_h1332
650 1 4 _aAgricultura
_xEstadísticas
_zNuevo León.
_91461
650 1 4 _aCrédito agrícola
_xNuevo León.
_929071
650 1 4 _aCultivos
_xNuevo León.
_930302
650 1 4 _aEjidos
_xNuevo León.
_936024
650 1 4 _aGanadería
_xEstadísticas
_zNuevo León.
_944719
650 1 4 _aMaquinaria agrícola
_xNuevo León.
_971192
650 1 4 _aProductos forestales
_xEstadísticas.
_992079
650 1 4 _aTierras
_xUtilización
_xNuevo León.
_9113246
710 2 _aInstituto Nacional de Estadística, Geografía e Informática. México.
_959304
790 _aCenso agropecuario (7o.) 1991
901 _aBK
942 _cLIBRO
949 _a630.83 A84 1991 N.L.
_bBC
_cESP
_d33724000279428
_eESP
_fc.2
_h91143
_i65522
_si
_t45.00
949 _a630.83 A84 1991 N.L.
_bBC
_cINEGI
_d33724000609186
_eINEGI
_gI. c/e
_h90649
_i65522
_si
_t45.00
999 _c60386
_d60386